000 02227cam a22004574i 4500
003 PE-LiUPU
005 20250731173308.0
008 150616s r 000 0 d
035 _a(Sirsi) a3675
040 _aPE-LiUPU
_bspa
_cPE-LiUPU
_erda
049 _aPRUA
082 0 4 _a280
_bSwe3
_221
100 1 _aSwedenborg, Emanuel,
_eautor.
245 1 3 _aEl cielo y sus maravillas y el infierno de las cosas oídas y vistas.
264 1 _aNueva York :
_bSociedad Americana Swedenborg para Imprimir y Publicar,
_c1921.
300 _a430 páginas ;
_c24 cm.
336 _atext
_2rdacontent
337 _aunmediated
_2rdamedia
338 _avolume
_2rdacarrier
504 _aNotas Bibliograficas.
505 0 _aEl Señor es el Dios del cielo -- Lo divino del Señor hace el cielo -- Lo divino del Señor en el cielo es amor a él y amor al prójimo -- El cielo se distingue en dos reinos -- Hay tres cielos -- Los cielos se componen de innumerables sociedades -- Cada sociedad en un cielo en menor forma y cada ángel otro en mínima forma -- El cielo universo representa en su conjunto un sólo hombre -- Todo ángel tiene por esto perfecta forma humana. El mundo de los espíritus: -El hombre despues de la muerte es tal como fué su vida en el mundo -- No es tan difícil como se cree el vivir una vida que conduce al cielo. El infierno: -El Señor domina el infierno -- Lo que es el fuego infernal y el crujir de los dientes -- El equilibrio entre el cielo y el infierno.
526 _aSEG42
526 _aSEG41
526 _aSEG40
526 _aSEG39
526 _aP94
526 _aP87
526 _aP86
526 _aP85
526 _aP77
526 _aP76
526 _aP35
650 0 4 _aCIELO (RELIGION).
910 _ajck
_bjvq
_cjck
942 _2ddc
_cBOOK
949 _a280 Swe3
_wDEWEY
_c1
_i06909
_lCCODEBUL1
_mBUL
_p00.00
_r0
_sY
_tBOOK
_u2015-04-23
_xTEOLOGIA
_zUNKNOWN
_0COMPRA
_o.STAFF. Colección General
994 _aC0
_bPEPRU
596 _a1
999 _a280 SWE3
_wDEWEY
_c44856
_i06909
_f2021-11-11
_g5
_lCCODEBUL1
_mBUL
_r0
_sY
_tBOOK
_u2015-4-23
_xTEOLOGIA
_zUNKNOWN
_0COMPRA
_o.STAFF. Colección General
_d44856
980 _81
_gALBERTO SANCHEZ Responsable de Automatización